000 00742nas a2200253 4500
001 BR2011006614
003 BR-BrBNA
005 20231205115707.0
007 ta
008 230509b bl.|||p| |||| 00| 00por d
040 _aBR-BrBNA
_bpor
_cBiblioteca Nacional de Agricultura
041 _a(Pt)
072 _aF30
100 1 _aMaluf, M.P.
100 1 _aOliveira, A.C.B. de
245 1 _aGenoma café - perspectivas para o melhoramento genético da cultura
650 _aCAFÉ
650 _aGENOMA
650 _aMELHORAMENTO VEGETAL
650 _aPRODUÇÃO VEGETAL
773 0 _tO Agronômico (Brazil)
_xISSN 0365-2726
_g(2007), v. 59(1) p. 68-70
_wBR2011006614
909 _a202311
_bLúcia
_c55
_dLúcia Elande
942 _2AGRIS
_n0
_cANA
999 _c215257
_d215257